000
00228nam a2200097 a 4500
005
20140414132050.0
008
110330s19uu xx 00 eng d
050
_a
P
_b
FOU
245
_a
Four major types of family.
999
_c
114136
_d
114136